[Event "Alushta op"]
[Site "Alushta"]
[Date "1994.??.??"]
[Round "?"]
[White "Zagrebelny, Sergey"]
[Black "Efremov, Roman"]
[Result "1/2-1/2"]
[WhiteElo "2515"]
[BlackElo "2355"]
[Annotator "Zagrebelny,S"]
[PlyCount "73"]
[EventDate "1994.??.??"]
[EventType "swiss"]
[EventRounds "7"]
[EventCountry "UKR"]
[SourceTitle "CBM 042"]
[Source "ChessBase"]
[SourceDate "1994.10.01"]
[SourceVersion "1"]
[SourceVersionDate "1994.10.01"]
[SourceQuality "1"]

1. e4 c5 2. Nf3 d6 3. d4 cxd4 4. Nxd4 Nf6 5. Nc3 a6 6. Be3 e6 7. f3 b5 8. Qd2
Nbd7 9. g4 h6 10. O-O-O Bb7 11. h4 b4 12. Nce2 d5 13. Bh3 dxe4 14. g5 hxg5 15.
hxg5 exf3 16. Ng3 $146 (16. Nf4 Ne4 17. Qe1 f2 18. Bxf2 Qxg5 19. Be3 Qh4 20.
Ndxe6 $1 Qxe1 21. Nxg7+ Kd8 22. Rhxe1 Rxh3 $1 23. Nxh3 Bxg7 24. Ng5 Ke8 $2 (
24... Kc8 $1 25. Nxf7 a5) 25. Nxf7 Ne5 $2 (25... Ndf6 $5 26. Nd6+ Nxd6 27. Rxd6
$14) 26. Nd6+ $1 Nxd6 27. Rxd6 Kf8 28. Bh6 Bxh6+ 29. Rxh6 Nf7 30. Rb6 $18 {
Anand,V-Beliavsky,A/Groningen/1993/1-0 (38)}) 16... Ne4 17. Nxe4 Bxe4 18. Bxe6
$1 (18. Nxe6 $6 fxe6 19. Bxe6 Nc5 $1 20. Rxh8 Qxd2+ 21. Bxd2 Nxe6 22. Bxb4 Kf7
$19) 18... Rxh1 19. Rxh1 (19. Bxd7+ Qxd7 20. Rxh1 O-O-O $17) 19... fxe6 20.
Nxe6 Qe7 $1 (20... Qa5 21. Rd1 Bc6 22. Nxf8 Nxf8 (22... Qxa2 23. Qd6 Qa1+ 24.
Kd2 Qxb2 25. Bd4 $18) 23. Qd6 Rc8 24. Bc5 Kf7 25. Qf4+ $1 Kg6 (25... Kg8 26.
Qc4+ Kh7 27. g6+ Kxg6 28. Rg1+ Kh7 29. Qf7 $18) 26. Rd6+ (26. Bxf8 $2 Qxg5)
26... Kh5 (26... Kh7 27. Rh6+ $1 gxh6 28. Qf7+ Kh8 29. Bd4+ $18) 27. Qf5 $1 $18
) (20... Qc8 21. Bf4 Kf7 22. Re1 $1 $40) 21. Nc7+ Kf7 (21... Kd8 $5) 22. Qd4
Kg6 $1 (22... Rc8 23. Qc4+ Kg6 24. Qxa6+ $18) (22... Rd8 23. Qc4+ Kg6 24. Ne6
$18) 23. Rh4 Nc5 24. Nxa8 $1 Bxa8 25. Rf4 $1 Qe8 26. Rxf8 Qxf8 27. Qxc5 Qxc5
28. Bxc5 Kxg5 29. Kd2 Kg4 30. Ke1 $1 $10 Be4 (30... Kg3 31. Kf1) 31. Kf2 a5 32.
Bb6 a4 33. Bc5 Bxc2 34. Bxb4 Kf4 35. Bd6+ Ke4 36. Bc7 g5 37. Bd6 1/2-1/2